Loading...
| Fine Arts - Classical Music | 3 | 2 | 2 | 0 | 55 | 21 | 65.80 | 0 | 5 | 28.55 | 41.43 |
| Science - Biology | 0 | 5 | 0 | 1 | 50 | 75 | 114.40 | 1 | 3 | 8.21 | 30.00 |
| Social Science | 2 | 1 | 0 | 1 | 40 | 21 | 72.67 | 2 | 2 | 9.70 | 11.43 |
| History - World | 0 | 3 | 1 | 2 | 25 | 98 | 127.67 | 0 | 0 | 2.09 | 2.86 |
| Science - Physics | 0 | 2 | 0 | 2 | 20 | 123 | 127.50 | 0 | 0 | 0.38 | 7.14 |
| Fine Arts - Other | 0 | 2 | 0 | 0 | 20 | 105 | 108.00 | 0 | 0 | 3.40 | 6.67 |
| Geography | 1 | 0 | 0 | 0 | 15 | 54 | 54.00 | 0 | 1 | 7.50 | 8.93 |
| Fine Arts - Painting and Sculpture | 0 | 1 | 0 | 1 | 10 | 145 | 145.00 | 0 | 0 | 0.14 | 4.29 |
| Science - Chemistry | 0 | 1 | 0 | 0 | 10 | 152 | 152.00 | 0 | 0 | 0.07 | 1.43 |
| Religion | 0 | 1 | 0 | 0 | 10 | 110 | 110.00 | 0 | 1 | 3.27 | 10.71 |
| Other Academic | 0 | 1 | 0 | 0 | 10 | 135 | 135.00 | 0 | 0 | 0.07 | 2.86 |
| Science - Other | 0 | 1 | 3 | 0 | -5 | 132 | 132.00 | 0 | 1 | 1.83 | 7.94 |